Ferdiš Duša (1888-1958) : sociální tvorba 20. let : obrazy, kresby, grafika : katalog výstavy, Pardubice 1978 /

Hlavní autor: Duša, Ferdiš, 1888-1958
Další autoři: Boučková, Jitka, 1921-
Jazyk: Čeština
Vydáno: Pardubice : Východočeská galerie, 1978
Fyzický popis: [32] s. : il. ; 26 cm
Knihy
Uloženo v:
LEADER 01157nam a22002772a 4500
001 000687476
003 CZ BrMZK
005 20161111132940.0
007 ta
008 030915s1978 xr f cze d
015 |a cnb001053455 
020 |q (Brož.) 
035 |a (OCoLC)85605030 
040 |a BOA001  |b cze  |c BOA001 
080 9 |a 72/76.071.4Duša,F.:061.4(437.1-2Pardubice)"1978"(084.1) 
100 1 |a Duša, Ferdiš,  |d 1888-1958  |7 jk01023381  |4 art 
245 1 0 |a Ferdiš Duša (1888-1958) :  |b sociální tvorba 20. let : obrazy, kresby, grafika : katalog výstavy, Pardubice 1978 /  |c [text] Jitka Boučková 
260 |a Pardubice :  |b Východočeská galerie,  |c 1978 
300 |a [32] s. :  |b il. ;  |c 26 cm 
500 |a Výstava pořádaná k 30. výročí Února, k 90. výročí umělcova narození a 20. výročí jeho smrti 
500 |a Obsahuje také výňatek z umělcovy předml. ke katalogu výstavy Smutná země, Praha 1935 
700 1 |a Boučková, Jitka,  |d 1921-  |7 jk01012793  |4 aut 
910 |a BOA001  |b X-0801.107 
990 |a BK 
991 |b 201610 
996 6 |b 2619306223  |c X-0801.107  |l MZK  |r Sklad / do 24 hodin  |n 7  |w 000687476  |u 000010  |a 1  |e BOA001  |j MZK50  |s P